Mural
| Formato: | Desconocido |
|---|---|
| Lenguaje: | español |
| Publicado: |
Mx̌ico :
Grupo Reforma
|
| Acceso en línea: | Acceso restringido |
MARC
| LEADER | 00000ny a22000003n 4500 | ||
|---|---|---|---|
| 005 | 20110513130513.0 | ||
| 008 | 101119c2010 mx du p r 0 spa | ||
| 035 | |a 5058 | ||
| 040 | |a BUS |d vLex | ||
| 090 | |c 1879 |d 1879 | ||
| 130 | 0 | |a Mural (Toluca) | |
| 245 | 3 | 0 | |a Mural |h [Recurso electrn̤ico] |
| 256 | |a Servicio en ln̕ea | ||
| 260 | |a Mx̌ico : |b Grupo Reforma | ||
| 310 | |a Diaria | ||
| 740 | 0 | |a vLex Revista (Servicios en ln̕ea) | |
| 843 | |a Electrn̤ica. Abierta | ||
| 853 | |8 1 |i (year) |j (month) |k (day) | ||
| 856 | 4 | |z Acceso restringido |u http://vlex.com/account/login_ip?fuente_id=5058 | |
| 942 | |c REV | ||